000 00562nam a2200193Ia 4500
005 20250326143834.0
008 250326s9999 xx 000 0 und d
020 _a0-87389-689-0
037 _aTextbook
040 _aFMSL
_beng
_cFMSL
041 _aeng
_2eng
084 _aX8(A):o7 P6
_qFMSL
100 _aAlukal G
_9748605
245 0 _aLean kaizen : simplified approach to process improvements
_cAlukal G; Manos A
260 _aUSA
_bUSA, ASQ quality press
_c2006
300 _a174p
942 _cTB
_hX8(A):o7 P6
999 _c1301273
_d1301273